Sử dụng thiết bị cắt mạch chống dòng điện rò

Đã lưu trong:
书目详细资料
主要作者: Nguyễn Trí Tiến
格式: 图书
语言:Undetermined
出版: Hà Nội Giáo dục 2003
主题:
标签: 添加标签
没有标签, 成为第一个标记此记录!
Thư viện lưu trữ: Trung tâm Học liệu Trường Đại học Cần Thơ
LEADER 00566nam a2200193Ia 4500
001 CTU_87494
008 210402s9999 xx 000 0 und d
020 |c 8800 
082 |a 621.93 
082 |b T305 
100 |a Nguyễn Trí Tiến 
245 0 |a Sử dụng thiết bị cắt mạch chống dòng điện rò 
245 0 |c Nguyễn Trí Tiến 
260 |a Hà Nội 
260 |b Giáo dục 
260 |c 2003 
650 |a cutting tools,metal 
904 |i Tuyến 
980 |a Trung tâm Học liệu Trường Đại học Cần Thơ